书目信息 |
| 题名: |
作文阅读好帮手
|
|
| 作者: | 唐斌 主编 | |
| 分册: | 同步作文 | |
| 出版信息: | 延吉 延边大学出版社 2016.08 |
|
| 页数: | 114页 | |
| 开本: | 26cm | |
| 丛书名: | ||
| 单 册: | ||
| 中图分类: | G624.243 | |
| 科图分类: | ||
| 主题词: | 作文课--zuo wen ke--小学--教学参考资料 | |
| 电子资源: | ||
| ISBN: | 978-7-5688-0848-4 | |
| 000 | 01064nam0 2200241 450 | |
| 001 | 0104125613 | |
| 005 | 20201104125711.0 | |
| 010 | @a978-7-5688-0848-4@dCNY19.00 | |
| 100 | @a20171116e20182016cemy0chiy50 ea | |
| 101 | 0 | @achi |
| 102 | @aCN@b220000 | |
| 105 | @ay z 000yy | |
| 106 | @ar | |
| 200 | 1 | @a作文阅读好帮手@Azuo wen yue du hao bang shou@i同步作文@i4年级上册@eRJ@f唐斌主编 |
| 210 | @a延吉@c延边大学出版社@d2016.08@h2018.06 | |
| 215 | @a114页@d26cm | |
| 314 | @a封面题:唐斌主编 | |
| 330 | @a最新《语文课程标准》明确指出引导学生“多读书、多积累,重视语言文字运用的实践”。阅读就是“读书与积累”的重要方式,写作更是语言文字运用实践的重要体现。但是,对于广大学生来说,写作与阅读恰恰是语文学习过程中的重点与难点。为了帮助同学们全面理解、攻克这两大重点与难点,我们以最新《语文课程标准》为指导,针对各年级写作与阅读的不同要求,精心编写了这套《作文阅读好帮手》。 | |
| 606 | 0 | @a作文课@Azuo wen ke@x小学@j教学参考资料 |
| 690 | @aG624.243@v5 | |
| 701 | 0 | @a唐斌@Atang bin@4主编 |
| 801 | 0 | @aCN@bBJSZM@c20201104 |
| 905 | @b1259901-5@dG624.243@e1137@f5 | |
| 作文阅读好帮手.同步作文.4年级上册:RJ/唐斌主编.-延吉:延边大学出版社,2016.08(2018.06) |
| 114页;26cm |
| ISBN 978-7-5688-0848-4:CNY19.00 |
| 最新《语文课程标准》明确指出引导学生“多读书、多积累,重视语言文字运用的实践”。阅读就是“读书与积累”的重要方式,写作更是语言文字运用实践的重要体现。但是,对于广大学生来说,写作与阅读恰恰是语文学习过程中的重点与难点。为了帮助同学们全面理解、攻克这两大重点与难点,我们以最新《语文课程标准》为指导,针对各年级写作与阅读的不同要求,精心编写了这套《作文阅读好帮手》。 |
| ● |
| 相关链接 |
|
|
|
|
正题名:作文阅读好帮手
索取号:G624.243/1137
 
预约/预借
| 序号 | 登录号 | 条形码 | 馆藏地/架位号 | 状态 | 备注 |
| 1 | 1259901 | 212599017 | 第一样本阅览室/ [索取号:G624.243/1137] | 在馆 | |
| 2 | 1259902 | 212599026 | 教育系资料室/ [索取号:G624.243/1137] | 在馆 | |
| 3 | 1259903 | 212599035 | 教育系资料室/ [索取号:G624.243/1137] | 在馆 | |
| 4 | 1259904 | 212599044 | 第四借阅区/ [索取号:G624.243/1137] | 在馆 | |
| 5 | 1259905 | 212599053 | 第四借阅区/ [索取号:G624.243/1137] | 在馆 |